[Event "Santa Eugenia op 17th"]
[Site "Santa Eugenia"]
[Date "2023.08.04"]
[Round "9"]
[White "Garcia Caro, Juan Alber"]
[Black "Turon Crosa, Isaac"]
[Result "1/2-1/2"]
[WhiteElo "1950"]
[BlackElo "1899"]
[PlyCount "185"]
[EventDate "2023.07.31"]
[EventType "swiss"]
[EventRounds "9"]
[EventCountry "ESP"]
[SourceTitle "CBM 215 Extra"]
[Source "ChessBase"]
[SourceDate "2023.09.30"]
[SourceVersion "1"]
[SourceVersionDate "2023.09.30"]
[SourceQuality "1"]

1. e4 e6 2. c4 d5 3. exd5 exd5 4. cxd5 Nf6 5. Nc3 Nxd5 6. Bc4 Nb6 7. Bb3 Be7 8. Qf3 0-0 9. Nge2 Nc6 10. 0-0 Qd7 11. Nd5 Nxd5 12. Bxd5 Bf6 13. d4 Rd8 14. Bxc6 Qxc6 15. Qg3 Bxd4 16. Bg5 Bf6 17. Rac1 Qd6 18. Qxd6 Rxd6 19. Bxf6 Rxf6 20. Rxc7 Rc6 21. Rd1 Bg4 22. Rxc6 Bxe2 23. Rcc1 Bxd1 24. Rxd1 Re8 25. Kf1 Kf8 26. g3 Re6 27. Rd7 Re7 28. Rd4 Ke8 29. Ra4 a6 30. Rc4 Kd8 31. Rh4 h6 32. Rg4 g6 33. Rf4 Ke8 34. Rf6 Re5 35. Rb6 Re7 36. h4 h5 37. Kg2 Kf8 38. Kf3 Kg7 39. Kf4 f6 40. f3 Kf7 41. g4 hxg4 42. fxg4 Kg7 43. Kf3 Kf7 44. h5 gxh5 45. gxh5 Kg7 46. Kf4 Kf7 47. Kf3 Kg7 48. h6+ Kxh6 49. Rxf6+ Kg7 50. Rb6 Kf7 51. Kf4 Ke8 52. Rd6 Re2 53. Rb6 Re7 54. Kf5 Kd8 55. Kf6 Rd7 56. Ke6 Rc7 57. Kd5 Kc8 58. a4 Rc2 59. Rb4 Kb8 60. b3 Rc3 61. Kd4 Rc8 62. Rc4 Rh8 63. Kc5 Rh5+ 64. Kb6 Rh6+ 65. Ka5 Rh5+ 66. Kb6 Rh6+ 67. Kc5 Rh5+ 68. Kd4 Rg5 69. Rc5 Rg4+ 70. Kc3 Rg3+ 71. Kb2 Rg2+ 72. Ka3 Rg3 73. Kb4 Rg4+ 74. Rc4 Rg3 75. Rd4 Rh3 76. Kc4 Rg3 77. b4 Rg5 78. Rd5 Rg4+ 79. Kc5 Rh4 80. Rg5 Rh6 81. b5 axb5 82. axb5 Rh8 83. Rg6 Rf8 84. Kd6 Rd8+ 85. Ke7 Rh8 86. Re6 Rg8 87. Kd7 Rh8 88. b6 Rc8 89. Re8 Rxe8 90. Kxe8 Ka8 91. Ke7 Kb8 92. Kd8 Ka8 93. Kc8 1/2-1/2

[Event "Santa Eugenia op 17th"]
[Site "Santa Eugenia"]
[Date "2023.08.02"]
[Round "5"]
[White "Garcia Garrido, Ferran"]
[Black "Turon Crosa, Isaac"]
[Result "0-1"]
[WhiteElo "1734"]
[BlackElo "1899"]
[PlyCount "32"]
[EventDate "2023.07.31"]
[EventType "swiss"]
[EventRounds "9"]
[EventCountry "ESP"]
[SourceTitle "CBM 215 Extra"]
[Source "ChessBase"]
[SourceDate "2023.09.30"]
[SourceVersion "1"]
[SourceVersionDate "2023.09.30"]
[SourceQuality "1"]

1. d4 Nf6 2. c4 e6 3. Nc3 Bb4 4. f3 c5 5. d5 0-0 6. Bd2 d6 7. a3 Bxc3 8. Bxc3 exd5 9. cxd5 Re8 10. Kf2 Nbd7 11. e4 Nxe4+ 12. fxe4 Qh4+ 13. g3 Qxe4 14. Bg2 Qe3+ 15. Kf1 b6 16. Qc2 Ba6+ 0-1

[Event "Santa Susanna op 15th"]
[Site "Santa Susanna"]
[Date "2021.08.03"]
[Round "4"]
[White "Turon Crosa, Isaac"]
[Black "Clot Chico, Arnau"]
[Result "1-0"]
[WhiteElo "1849"]
[BlackElo "2066"]
[PlyCount "99"]
[EventDate "2021.08.02"]
[EventType "swiss"]
[EventRounds "9"]
[EventCountry "ESP"]
[SourceTitle "EXT 2022"]
[Source "ChessBase"]
[SourceDate "2021.10.06"]
[SourceVersion "1"]
[SourceVersionDate "2021.10.06"]
[SourceQuality "1"]

1. d4 c5 2. c3 g6 3. dxc5 a5 4. e4 Na6 5. Qd4 f6 6. Nf3 Qc7 7. b4 e5 8. Qc4 axb4 9. cxb4 d6 10. Nc3 dxc5 11. Nd5 Qd6 12. Qb5+ Bd7 13. Qxb7 Qc6 14. Bxa6 Qxb7 15. Bxb7 Ra7 16. b5 Rxb7 17. a4 Kf7 18. 0-0 Ne7 19. Nc3 Nc8 20. Rd1 Be7 21. Nd2 Nd6 22. Ba3 Rc8 23. Nb3 Nc4 24. Nd2 Nxa3 25. Rxa3 c4 26. Ra2 Bb4 27. Ndb1 f5 28. Rad2 Be6 29. f3 fxe4 30. fxe4 Bg4 31. Rf1+ Kg7 32. h3 Bc5+ 33. Kh2 Be6 34. Kg3 h5 35. Rfd1 g5 36. Rf1 h4+ 37. Kh2 Ra8 38. Rb2 Kg6 39. Rd1 Rf7 40. Nd5 Rxa4 41. Nbc3 Ra3 42. b6 Rb7 43. Rc1 Bd4 44. Rb4 Rb3 45. Rxc4 Bxb6 46. Rc6 Bf2 47. Rxe6+ Kh5 48. Nf6+ Kg6 49. Ng4+ Kf7 50. Rf6+ 1-0

[Event "Santa Eugenia op 14th"]
[Site "Girona"]
[Date "2019.07.31"]
[Round "6"]
[White "Turon Crosa, Isaac"]
[Black "Farre I Benseny, Miquel"]
[Result "0-1"]
[WhiteElo "1714"]
[BlackElo "1783"]
[PlyCount "68"]
[EventDate "2019.07.29"]
[EventType "swiss"]
[EventRounds "9"]
[EventCountry "ESP"]
[SourceTitle "EXT 2020"]
[Source "ChessBase"]
[SourceDate "2019.10.17"]
[SourceVersion "1"]
[SourceVersionDate "2019.10.17"]
[SourceQuality "1"]

1. e4 e5 2. Nf3 Nc6 3. Bc4 Nf6 4. Ng5 d5 5. exd5 Na5 6. Bb5+ c6 7. dxc6 bxc6 8. Bd3 Nd5 9. Ne4 Nf4 10. Bf1 f5 11. Nec3 Bc5 12. d3 Nd5 13. g3 0-0 14. Bg2 f4 15. 0-0 Be6 16. Ne4 Bb6 17. a3 Qd7 18. Nbd2 Bg4 19. Bf3 Bh3 20. Bg2 fxg3 21. hxg3 Bxf2+ 22. Rxf2 Rxf2 23. Kxf2 Bxg2 24. Nf3 Bh3 25. Qh1 Rf8 26. Neg5 Bf5 27. Bd2 h6 28. Bxa5 hxg5 29. Rf1 g4 30. c4 Bxd3 31. cxd5 Rxf3+ 32. Qxf3 gxf3 33. Re1 e4 34. dxc6 Qd4+ 0-1

[Event "Santa Eugenia op 13th"]
[Site "Santa Eugenia"]
[Date "2018.08.01"]
[Round "6"]
[White "Lazaro Pujol, Abel"]
[Black "Turon Crosa, Isaac"]
[Result "1/2-1/2"]
[WhiteElo "2110"]
[BlackElo "1781"]
[PlyCount "170"]
[EventDate "2018.07.30"]
[EventType "swiss"]
[EventRounds "9"]
[EventCountry "ESP"]
[SourceTitle "CBM 185 Extra"]
[Source "ChessBase"]
[SourceDate "2018.07.29"]
[SourceVersion "1"]
[SourceVersionDate "2018.07.29"]
[SourceQuality "1"]

1. e4 e5 2. Nf3 Nc6 3. Bc4 Nf6 4. d3 Be7 5. 0-0 0-0 6. Re1 d6 7. a4 Na5 8. Ba2 c5 9. Nc3 a6 10. Nd5 Nxd5 11. exd5 b5 12. c3 Bg4 13. h3 Bxf3 14. Qxf3 bxa4 15. Bb1 Qd7 16. Qe4 Nb3 17. Rxa4 Nxc1 18. Rxc1 f5 19. Qc4 Qb5 20. Ra2 Qxc4 21. dxc4 g6 22. b4 Rfb8 23. Ra4 Rb6 24. Bd3 Kf7 25. Rca1 cxb4 26. cxb4 Rab8 27. b5 axb5 28. cxb5 Ke8 29. Ra7 R6b7 30. R1a6 Rxa7 31. Rxa7 Kd8 32. Kf1 Rc8 33. b6 Rb8 34. Bb5 Rxb6 35. Rd7+ Kc8 36. Bc6 Rb1+ 37. Ke2 Rb2+ 38. Ke1 Bh4 39. g3 Bg5 40. Rxd6 Rb1+ 41. Ke2 Rb2+ 42. Kf1 Rb1+ 43. Kg2 Rb2 44. Re6 e4 45. Kf1 Rb1+ 46. Kg2 Rb2 47. d6 e3 48. Re8+ Bd8 49. Rxe3 Rd2 50. d7+ Kc7 51. Ba4 Ra2 52. Bb3 Rb2 53. Rd3 h6 54. Kf3 g5 55. Be6 f4 56. gxf4 gxf4 57. Kxf4 Rxf2+ 58. Ke5 Bf6+ 59. Kd5 Rc2 60. Bf5 Rc3 61. Rd1 Ra3 62. Ke6 Ra6+ 63. Kf7 Bg5 64. Be6 Rd6 65. Ra1 Rb6 66. Bg4 Rb4 67. Ra8 Rb8 68. Ra5 Rb6 69. Ke8 Rb8+ 70. Kf7 Rb6 71. Rxg5 hxg5 72. Ke8 Rb8+ 73. Ke7 Ra8 74. Kf6 Ra5 75. Bf5 Ra1 76. Kxg5 Kd8 77. h4 Ke7 78. h5 Rg1+ 79. Kh6 Rg3 80. Kh7 Rg1 81. h6 Rg3 82. Kh8 Rg1 83. h7 Rg3 84. Bg6 Rxg6 85. d8Q+ Kxd8 1/2-1/2

[Event "Figueres Nadal op 7th"]
[Site "Figueres"]
[Date "2017.12.30"]
[Round "8"]
[White "Parals Marce, Luis"]
[Black "Turon Crosa, Isaac"]
[Result "1-0"]
[WhiteElo "2060"]
[BlackElo "1679"]
[PlyCount "73"]
[EventDate "2017.12.27"]
[EventType "swiss"]
[EventRounds "8"]
[EventCountry "ESP"]
[SourceTitle "CBM 182 Extra"]
[Source "ChessBase"]
[SourceDate "2018.02.23"]
[SourceVersion "1"]
[SourceVersionDate "2018.02.23"]
[SourceQuality "1"]

1. Nf3 d5 2. g3 Nf6 3. Bg2 Nbd7 4. 0-0 e5 5. d3 Bd6 6. Nbd2 0-0 7. e4 dxe4 8. dxe4 Nb6 9. h3 h6 10. Qe2 Be6 11. Rd1 Qe7 12. b3 a5 13. Bb2 Nfd7 14. a4 Rfc8 15. Nf1 c6 16. Ne3 g6 17. Qd2 Bc7 18. Nf1 Kh7 19. N1h2 Rd8 20. Bc3 Nc8 21. Qe3 Qf8 22. Rd2 Ne7 23. Ng4 Bxg4 24. hxg4 f6 25. Bf1 Bb6 26. Qe1 Nc5 27. Rad1 Rxd2 28. Rxd2 Bc7 29. Bc4 Rd8 30. Kg2 Rxd2 31. Bxd2 Nc8 32. Bxa5 Bxa5 33. Qxa5 Nxe4 34. Qc7+ Kh8 35. Nh4 Ne7 36. Qxe7 Qxe7 37. Nxg6+ 1-0

[Event "Sant Gregori Ajuntament op 2nd"]
[Site "Sant Gregori"]
[Date "2017.07.08"]
[Round "7.4"]
[White "Carrasco Holgado, David"]
[Black "Turon Crosa, Isaac"]
[Result "1-0"]
[WhiteElo "2224"]
[BlackElo "1944"]
[PlyCount "85"]
[EventDate "2017.07.03"]
[EventType "swiss"]
[EventRounds "7"]
[EventCountry "ESP"]
[SourceTitle "EXT 2024"]
[Source "ChessBase"]
[SourceDate "2023.10.10"]
[SourceVersion "1"]
[SourceVersionDate "2023.10.10"]
[SourceQuality "1"]

1. e4 c5 2. c3 d5 3. exd5 Qxd5 4. d4 Nc6 5. Nf3 Nf6 6. Be2 Bg4 7. h3 Bh5 8. c4 Qd6 9. g4 Bg6 10. d5 Ne5 11. Qa4+ Qd7 12. Qxd7+ Nfxd7 13. Nc3 Nxf3+ 14. Bxf3 Ne5 15. Be2 Nd3+ 16. Kf1 Nxc1 17. Rxc1 h5 18. Kg2 h4 19. Nb5 Kd7 20. Bf3 a6 21. Nc3 Rb8 22. a4 b6 23. Rhe1 Kd6 24. Kg1 Rh6 25. Bg2 Rh8 26. f4 Bh7 27. Re2 Kd7 28. b3 g6 29. Rce1 Bg8 30. Ne4 Bg7 31. Ng5 Bf8 32. Kf2 Kd6 33. Ne4+ Kd7 34. a5 bxa5 35. Nxc5+ Kd8 36. Rd1 Rb6 37. Rd3 Bg7 38. Na4 Rb4 39. d6 e6 40. Nc5 Rb6 41. Nb7+ Kd7 42. c5 Rb5 43. c6+ 1-0

[Event "Sant Gregori Ajuntament op 2nd"]
[Site "Sant Gregori"]
[Date "2017.07.05"]
[Round "3.8"]
[White "Foix Breto, Antoni"]
[Black "Turon Crosa, Isaac"]
[Result "0-1"]
[WhiteElo "1876"]
[BlackElo "1944"]
[PlyCount "78"]
[EventDate "2017.07.03"]
[EventType "swiss"]
[EventRounds "7"]
[EventCountry "ESP"]
[SourceTitle "EXT 2024"]
[Source "ChessBase"]
[SourceDate "2023.10.10"]
[SourceVersion "1"]
[SourceVersionDate "2023.10.10"]
[SourceQuality "1"]

1. e4 c5 2. Nf3 d6 3. d4 cxd4 4. Nxd4 Nf6 5. Nc3 a6 6. Be3 e6 7. f3 Be7 8. Qd2 Qc7 9. 0-0-0 b5 10. g4 Nc6 11. Nxc6 Qxc6 12. h4 b4 13. Ne2 Qa4 14. Kb1 e5 15. Ng3 Be6 16. b3 Qa5 17. Nf5 Bxf5 18. gxf5 Rd8 19. Bc4 h6 20. Rhg1 Kf8 21. Qg2 Rg8 22. Qf2 Qa3 23. Bc1 Qa5 24. Be3 Rb8 25. Qe2 Ne8 26. h5 Bf6 27. Qg2 Rh8 28. Rd5 Qd8 29. Rgd1 Be7 30. f4 Nc7 31. Rxe5 Nb5 32. Bxb5 axb5 33. Red5 Qa5 34. e5 Ra8 35. c3 bxc3 36. Rc1 dxe5 37. fxe5 Ba3 38. Rc2 Bb2 39. Bd4 Qxa2# 0-1

[Event "Catalunya-ch U16"]
[Site "Girona"]
[Date "2017.01.14"]
[Round "1.3"]
[White "Fernandez Alsina, David"]
[Black "Turon Crosa, Isaac"]
[Result "1/2-1/2"]
[WhiteElo "1877"]
[BlackElo "1900"]
[PlyCount "22"]
[EventDate "2017.01.14"]
[EventType "swiss"]
[EventRounds "6"]
[EventCountry "ESP"]
[SourceTitle "EXT 2024"]
[Source "ChessBase"]
[SourceDate "2023.10.10"]
[SourceVersion "1"]
[SourceVersionDate "2023.10.10"]
[SourceQuality "1"]

1. e4 Nc6 2. d4 d5 3. e5 f6 4. Bf4 Bf5 5. Nf3 e6 6. Bd3 Bxd3 7. Qxd3 Qd7 8. Nbd2 Nge7 9. Nb3 Ng6 10. Bg3 0-0-0 11. c3 fxe5 1/2-1/2

[Event "Figueres Nadal op 6th"]
[Site "Figueres"]
[Date "2016.12.30"]
[Round "7"]
[White "Turon Crosa, Isaac"]
[Black "Vinolas Anglada, Laura"]
[Result "1-0"]
[WhiteElo "1418"]
[BlackElo "1473"]
[PlyCount "123"]
[EventDate "2016.12.27"]
[EventType "swiss"]
[EventRounds "8"]
[EventCountry "ESP"]
[SourceTitle "CBM 176 Extra"]
[Source "ChessBase"]
[SourceDate "2017.03.02"]
[SourceVersion "1"]
[SourceVersionDate "2017.03.02"]
[SourceQuality "1"]

1. d4 d5 2. c4 e6 3. Nc3 Nf6 4. cxd5 exd5 5. Bg5 Be7 6. e3 c6 7. Bd3 Be6 8. Nge2 Qc7 9. f3 Nbd7 10. 0-0 0-0 11. Kh1 b5 12. Qc2 Rfe8 13. Nxb5 Qb6 14. Nbc3 h6 15. Bh4 Bd6 16. f4 Bg4 17. Qd2 Ne4 18. Bxe4 dxe4 19. Ng3 Be7 20. Bxe7 Rxe7 21. Ngxe4 Rae8 22. Nd6 Rd8 23. e4 Nf6 24. e5 Ne8 25. Na4 Qa6 26. Nc5 Qe2 27. Qxe2 Bxe2 28. Rfe1 Nxd6 29. Rxe2 Nf5 30. Rd2 Rxd4 31. Rxd4 Nxd4 32. Rd1 Nb5 33. Rd7 Rxd7 34. Nxd7 Kh7 35. f5 Nd4 36. g4 h5 37. h3 hxg4 38. hxg4 Kh6 39. Kg2 Kg5 40. Kg3 a5 41. Nc5 g6 42. Ne4+ Kh6 43. f6 Kh7 44. Nd6 Kg8 45. Nb7 a4 46. Nc5 a3 47. bxa3 Ne2+ 48. Kf3 Nc3 49. a4 Nxa2 50. a5 Nc3 51. a6 Nb5 52. Ke3 Kf8 53. Kd3 Ke8 54. Kc4 Kd8 55. Nb7+ Kd7 56. Nd6 Nc7 57. a7 Ke6 58. Kc5 Kd7 59. Nxf7 Na8 60. Nd6 Nc7 61. f7 Ke7 62. Kxc6 1-0

[Event "Costa Brava op 29th"]
[Site "Costa Brava"]
[Date "2016.11.12"]
[Round "6"]
[White "Turon Crosa, Isaac"]
[Black "Saurina Suner, Francesc Xavier"]
[Result "0-1"]
[WhiteElo "1418"]
[BlackElo "1893"]
[PlyCount "106"]
[EventDate "2016.09.24"]
[EventType "swiss"]
[EventRounds "9"]
[EventCountry "ESP"]
[SourceTitle "EXT 2018"]
[Source "ChessBase"]
[SourceDate "2017.10.13"]
[SourceVersion "1"]
[SourceVersionDate "2017.10.13"]
[SourceQuality "1"]

1. d4 Nf6 2. c4 g6 3. Nc3 Bg7 4. e4 d6 5. f4 c5 6. d5 0-0 7. Nf3 e6 8. Be2 exd5 9. cxd5 Nbd7 10. 0-0 Re8 11. Bd3 c4 12. Bc2 Nc5 13. Re1 Bg4 14. h3 Bxf3 15. Qxf3 Nfd7 16. Bd2 Qb6 17. Kh1 Qxb2 18. Rec1 Qa3 19. Rab1 a6 20. Na4 Qxf3 21. gxf3 Nxa4 22. Bxa4 b5 23. Bd1 Nc5 24. Be2 f5 25. Bb4 fxe4 26. Bxc5 dxc5 27. d6 e3 28. a4 Rab8 29. axb5 axb5 30. Rxb5 Bd4 31. d7 Red8 32. Bxc4+ Kf8 33. Rcb1 Rxb5 34. Bxb5 Ke7 35. Kg2 Rf8 36. Rb3 Rb8 37. Ba4 Rxb3 38. Bxb3 Kxd7 39. Kf1 Ke7 40. Ke2 Kf6 41. Bc2 Ke6 42. Bb3+ Kf5 43. Bg8 h5 44. Bf7 h4 45. Be8 c4 46. Bb5 c3 47. Bd3+ Kxf4 48. Bxg6 Kg3 49. Bc2 Kxh3 50. f4 Kg4 51. f5 Kf4 52. Kf1 h3 53. Bb1 e2+ 0-1

[Event "Costa Brava op 29th"]
[Site "Costa Brava"]
[Date "2016.11.05"]
[Round "5"]
[White "Parals Marce, Luis"]
[Black "Turon Crosa, Isaac"]
[Result "1-0"]
[WhiteElo "2075"]
[BlackElo "1418"]
[PlyCount "67"]
[EventDate "2016.09.24"]
[EventType "swiss"]
[EventRounds "9"]
[EventCountry "ESP"]
[SourceTitle "EXT 2018"]
[Source "ChessBase"]
[SourceDate "2017.10.13"]
[SourceVersion "1"]
[SourceVersionDate "2017.10.13"]
[SourceQuality "1"]

1. d4 c5 2. e3 d5 3. Bd3 Nf6 4. c3 c4 5. Bc2 Bg4 6. f3 Bh5 7. Ne2 e6 8. b3 b5 9. a4 b4 10. bxc4 dxc4 11. cxb4 Bxb4+ 12. Bd2 a5 13. Na3 Bxa3 14. Rxa3 Nd5 15. 0-0 Na6 16. e4 Ndb4 17. Bb1 Bg6 18. Rc3 Rc8 19. Qc1 Qc7 20. Qa3 0-0 21. Rfc1 Qb6 22. Be3 Qc7 23. Ba2 Nxa2 24. Qxa2 Qa7 25. Rxc4 Rb8 26. Qd2 Qb7 27. Qxa5 Bxe4 28. fxe4 Qxe4 29. Qc3 f5 30. Ng3 Qg4 31. d5 f4 32. dxe6 Qxe6 33. Bxf4 Qg6 34. Bxb8 1-0